| 000 | 00774nam a2200241Ia 4500 | ||
|---|---|---|---|
| 003 | GCL | ||
| 008 | 140319s9999 xx 000 0 ara d | ||
| 020 | _a1 015 84117 1 | ||
| 040 |
_aGCL / _cGCL |
||
| 082 | 0 | 4 |
_a363.44 _bخ ز |
| 100 | 1 | _aالخطيب العدنانى | |
| 245 | 1 | 0 |
_aالزنا والشذوذ فى التاريخ العربى / _cالخطيب العدنانى |
| 250 | _aالاولى | ||
| 260 |
_aبيروت : _bمؤسسة الانتشار العربى ، _c1999 |
||
| 300 |
_a202 ص ؛ _c24 سم |
||
| 650 | 0 | 4 | _aاللواط |
| 650 | 0 | 4 | _aالسحاق |
| 650 | 0 | 4 | _aالزنا |
| 650 | 0 | 4 | _aالشذوذ الجنسى |
| 650 | 0 | 4 | _aالحدود (الشريعة الاسلامية) |
| 650 | 0 | 4 | _aالاخلاق الجنسية |
| 942 |
_2ddc _cBK |
||
| 999 |
_c8061 _d8061 |
||